| 000 | 00721nab a2200217u 4500 | ||
|---|---|---|---|
| 001 | 19902 | ||
| 003 | HDC | ||
| 007 | c| |||a|c|aaaa | ||
| 008 | 210302b20091130my ||||o |||| 00| 0 eng d | ||
| 040 | _aHDC | ||
| 245 | 0 | _aBrunei - Abattoir celebrates a year of operations | |
| 336 |
_atext _2rdacontent |
||
| 337 |
_acomputer _2rdamedia |
||
| 338 |
_aonline resource _2rdacarrier |
||
| 650 |
_aHaoyue Halal Meat Company Limited _918168 |
||
| 650 |
_aMULAUT Abattoir Sdn Bhd _918167 |
||
| 856 | _zRequest full-text at [email protected] | ||
| 942 | _2lcc | ||
| 942 | _cNEWS | ||
| 942 | _kNWS0 004817 | ||
| 999 |
_c17218 _d17218 |
||